LDR 00768naa#a2200181#i#450# 001 EN\\bibl\19437 005 20260516111003.6 100 ## _a20260515b2026####ek#y0engy0150####ca 102 ## _aRU 200 1# _aDIVERSITY, CONDITION AND GROWTH OF WOODY PLANTS IN THE LANDSCAPING OF THE TALOVAYA WORK SETTLEMENT OF THE VORONEZH REGION _eConference article/thesis 210 1# _aVoronezh _cFSBE Institution of Higher Education Voronezh State University of Forestry and Technologies named after G.F. Morozov _d2026 215 ## _a6 с. 608 ## _aConference article/thesis _2local 675 ## _aЛесное хозяйство. Лесоводство. 630 _z 700 #1 _aMihaylova _gMariya Igorevna 700 #1 _aMakhinova _gD. I. 700 #1 _aChernyshov _gMikhail Pavlovich 856 4# _abibl.vgltu.ru _u